000 00565nam a2200169 a 4500
001 000009297
005 20200929161540.0
008 090929s1998 dr 001 0 spa d
040 _aDO-SdBNP
_bspa
_cBNPHU
082 _axxx
_bR311r
245 0 0 _aRecomendaciones para la reforma a la codificación del derecho procesal y sustantivo penal /.
260 _aSanto Domingo :
_bComisionado de Apoyo a la Reforma y Modernización de la Justicia,
_c1998.
300 _a157 p. ;
_c22 cm.
490 1 _aForum Permanente
830 0 _aForum Permanente
_914597
049 _aBNPD
999 _c9058
_d9058